| 000 | 00000nam##2200000za#4500 |
| 001 | 9.613938 |
| 003 | CaOODSP |
| 005 | 20241203113634 |
| 007 | ta |
| 008 | 150406|1998||||xxc||||| f|0| 0 eng|d |
| 020 | |a0-662-25922-X |
| 040 | |aCaOODSP|beng |
| 043 | |an-cn--- |
| 086 | 1 |aEn56-119/2-1997E |
| 110 | 1 |aCanada. |bEnvironment Canada. |
| 245 | 10|aAdapting to climate variability and change in the Ontario|cby Jamie Smith et al. |
| 260 | |aOttawa - Ontario : |bEnvironment Canada |c1998. |
| 300 | |a117p. : |bgraphs, maps, tables ; |c28 cm. |
| 490 | 1 |aCanada country study|vVolume IV |
| 500 | |aContents: Introduction.--Regional context.--Ontario's climatic conditions.--Sectoral opportunities and sensitivities to current climate.--Sectoral opportunities and sensitivities to future climate.--Opportunities for adaptation.--Knowledge gaps and research opportunities.--Glossary of selected terms.--Bibliography. |
| 504 | |aBibliography. |
| 563 | |aSoftcover |
| 590 | |a98-25|b1998-06-19 |
| 690 | 07|aClimate|2gcpds |
| 720 | 1 |aSmith, Jamie |
| 776 | 0#|tAdapting to climate variability and change in Ontario|w(CaOODSP)9.574590 |
| 830 | #0|aCanada country study ;|vVolume IV|w(CaOODSP)9.514592 |